Cálculo del hormigón armado
Saved in:
| Main Author: | |
|---|---|
| Format: | Book |
| Language: | Spanish |
| Published: |
Barcelona
Gustavo Gili
1959
|
| Subjects: | |
| Tags: |
Add Tag
No Tags, Be the first to tag this record!
|
MARC
| LEADER | 00000nam a2200000 a 4500 | ||
|---|---|---|---|
| 001 | UCU5863 | ||
| 003 | CL-VaPUC | ||
| 008 | 960614e19590000SP |||||||||||||||||spa|d | ||
| 082 | 0 | 4 | |a 693.5 |b MOR |2 21 |
| 100 | |a Mörsch, Emil |e autor |9 363899 | ||
| 245 | 1 | 0 | |a Cálculo del hormigón armado |
| 300 | |a 417 p | ||
| 942 | |c BK | ||
| 945 | |d 19960614 00:00:00 |a cmena | ||
| 260 | |a Barcelona |b Gustavo Gili |c 1959 | ||
| 500 | |a v.2: Láminas | ||
| 650 | 0 | |a Hormigones |9 262546 | |
| 650 | 7 | |a HORMIGON ARMADO |2 CL-VaPUC |9 363900 | |
| 650 | 0 | |a Propiedades mecánicas |9 262507 | |
| 650 | 0 | |a Elementos estructurales |9 350100 | |
| 650 | 0 | |a Materiales de construcción |9 260197 | |
| 650 | 7 | |a CEMENTOS |2 CL-VaPUC |9 262741 | |
| 650 | 0 | |a Cálculo |9 260234 | |
| 583 | |a last modification |c 19960614 00:00:00 |k Rodrigo Vera | ||
| 999 | |c 249021 |d 249019 | ||